000 00933nas a2200253Ia 4500
001 R017/A5535
003 IT-RoPAU
008 151124c99999999xx |||||||||||| ||und||
040 _aIT-RoPAU
040 _cIT-RoPAU
041 _aITALIANO
100 _aMoneta Fernanda
_gCodice Aut. SPICS: 31404
210 _aFILMCRITICA
222 _aFilmcritica
245 _aFILMCRITICA, ANNO 42-N.420 (DICEMBRE 1991)
_bStorie di Pugni, di Carne E D'Amore
250 _a1a ed.
260 _aMONTEPULCIANO
_bEDITORI DEL GRIFO
_c1991
501 _bPaulus - SPICS - Società San Paolo EM (non-commercial uses only)
_cCopyright2015
300 _a8 p. [578-585]
362 _aANNO 042, N.420 (DICEMBRE 1991)
500 _aTorino Cinema Giovani 1991: Relazione Sul Festival e Note Critiche su Alcuni Film Presentati Come: le Mosche in Testa di Daria Menozzi e Gabriella Morandi.
650 _aCINEMA
_vPUBBLICAZIONE PERIODICA
942 _cCR
999 _c167788
_d167788